Central Library OPAC University of Rajshahi

Siberia sets the pace to progress / (Record no. 25168)

MARC details
000 -LEADER
fixed length control field 00736cam a2200241 a 4500
001 - CONTROL NUMBER
control field 25168
003 - CONTROL NUMBER IDENTIFIER
rucl marc code BD-RjUL
005 - DATE AND TIME OF LATEST TRANSACTION
control field 20211209050836.0
008 - FIXED-LENGTH DATA ELEMENTS--GENERAL INFORMATION
fixed length control field 140316s1981 ru af 000 0 eng
035 ## - SYSTEM CONTROL NUMBER
System control number (BD-RjUL)25237
040 ## - CATALOGING SOURCE
Original cataloging agency DLC
Transcribing agency DLC
Modifying agency DLC
Language of cataloging eng
041 ## - LANGUAGE CODE
Language code of text/sound track or separate title eng
082 00 - DEWEY DECIMAL CLASSIFICATION NUMBER
Classification number 957.08
Edition number 19
Author mark and year LAS 1981
100 1# - MAIN ENTRY--PERSONAL NAME
Personal name Laĭne, Oleg.
9 (RLIN) 77424
245 10 - TITLE STATEMENT
Title Siberia sets the pace to progress /
Statement of responsibility, etc. Oleg Laine.
260 ## - PUBLICATION, DISTRIBUTION, ETC. (IMPRINT)
Place of publication, distribution, etc. [Moscow] :
Name of publisher, distributor, etc. Novosti Press Agency Pub. House,
Date of publication, distribution, etc. 1981.
300 ## - PHYSICAL DESCRIPTION
Pagination 59 p., [16] p. of plates :
Illustrations ill. ;
Size 19 cm.
651 #0 - SUBJECT ADDED ENTRY--GEOGRAPHIC NAME
Geographic name Siberia (Russia)
General subdivision Description and travel.
9 (RLIN) 71898
942 ## - ADDED ENTRY ELEMENTS (KOHA)
Source of classification or shelving scheme Dewey Decimal Classification
Koha item type Books
Holdings
Lost status Source of classification or shelving scheme Damaged status Not for loan Collection code Permanent Location Current Location Shelving location Date acquired Source of acquisition Cost, normal purchase price Total Checkouts Full call number Date last seen Copy number Koha item type
  Dewey Decimal Classification   Added to bundle Non-fiction Central Library, University of Rajshahi Central Library, University of Rajshahi   23/03/1986 USSR 0.00   957.08 LAS 1981 16/03/2014 C-1 Books